000 00351nam a22001577a 4500
005 20251108172621.0
008 250721s9999 xx 000 0 eng d
082 1 4 _aFGRA
100 1 _aGray, Alasdair
245 1 0 _aLanark /
264 1 _aLondon :
_bPaladin,
300 _a543 p
650 1 7 _aEnglish Fiction
942 _2ddc
_cBK
999 _c84157
_d84157